|
|
|
|
| LEADER |
00000nam a22000007a 4500 |
| 005 |
20210820110451.0 |
| 007 |
cr|||| ||| |
| 008 |
210820s2014 es |||||s|||| 00||0 spa d |
| 020 |
|
|
|a 978-84-9123-828-7
|
| 035 |
|
|
|a 33563
|
| 040 |
|
|
|a vLex
|
| 090 |
|
|
|c 12089
|d 12089
|
| 100 |
1 |
|
|a Nadal Gm̤ez, Irene
|
| 245 |
1 |
2 |
|a La coordinacin̤ del proceso penal y la investigacin̤ tčnica de accidentes ařeos
|h [Recurso electrn̤ico] /
|c Irene Nadal Gm̤ez
|
| 256 |
|
|
|a Servicio en ln̕ea
|
| 260 |
|
|
|a Madrid:
|b Marcial Pons,
|c 2014
|
| 300 |
|
|
|a 1 recurso electrn̤ico
|
| 506 |
1 |
|
|a Disponible solo en los productos indicados
|d vLex Global
|d vLex Global (Academic Edition, excluding Law Schools)
|d vLex Global (U.S. Academic Edition, Law Schools)
|d vLex Global (U.S. Academic Edition, excluding Law Schools)
|d vLex Global (Academic Edition, Law Schools)
|
| 650 |
0 |
4 |
|a Ciencias sociales
|z Espaą
|
| 650 |
0 |
4 |
|a Derecho Penal
|z Espaą
|
| 740 |
0 |
|
|a vLex Libros (Servicio en ln̕ea)
|
| 856 |
4 |
0 |
|u https://app.vlex.com/#/sources/33563
|z Acceso restringido
|
| 942 |
|
|
|c BOOK
|
| 999 |
0 |
|
|a Social Sciences
|
| 999 |
0 |
|
|a Criminal Law
|